[Event "European Women's Championship"]
[Site "Vysoke Tatry"]
[Date "2018.04.19"]
[Round "11"]
[White "Chernyak, Viktoria"]
[Black "Caglar, Sila"]
[Result "1-0"]
[Board "58"]
[WhiteElo "2196"]
[WhiteTitle "WFM"]
[WhiteCountry "RUS"]
[WhiteFideId "24165956"]
[WhiteEloChange "7"]
[BlackElo "2077"]
[BlackTitle "WFM"]
[BlackCountry "TUR"]
[BlackFideId "6364063"]
[BlackEloChange "-7"]

1. Nf3 {[%clk 1:30:59]} g6 {[%clk 1:30:54]} 2. c4 {[%clk 1:31:03]} c6 {[%clk
1:31:18]} 3. d4 {[%clk 1:31:11]} d5 {[%clk 1:31:09]} 4. e3 {[%clk 1:30:53]} Bg7
{[%clk 1:31:26]} 5. Nc3 {[%clk 1:29:35]} Nf6 {[%clk 1:31:23]} 6. b3 {[%clk
1:28:18]} O-O {[%clk 1:30:56]} 7. Bb2 {[%clk 1:28:32]} Nbd7 {[%clk 1:28:06]} 8.
Bd3 {[%clk 1:24:17]} e5 {[%clk 1:15:09]} 9. dxe5 {[%clk 1:14:49]} Ng4 {[%clk
1:15:15]} 10. cxd5 {[%clk 1:14:01]} Ndxe5 {[%clk 1:15:02]} 11. Nxe5 {[%clk
1:13:33]} Bxe5 {[%clk 1:14:28]} 12. Qd2 {[%clk 1:06:41]} cxd5 {[%clk 1:09:49]}
13. Nb5 {[%clk 0:53:13]} Re8 {[%clk 0:54:22]} 14. Bxe5 {[%clk 0:44:36]} Nxe5
{[%clk 0:52:47]} 15. O-O {[%clk 0:41:50]} Bg4 {[%clk 0:47:02]} 16. Nd4 {[%clk
0:40:59]} Rc8 {[%clk 0:44:15]} 17. Rac1 {[%clk 0:37:51]} b6 {[%clk 0:36:24]} 18.
h3 {[%clk 0:34:55]} Bd7 {[%clk 0:35:04]} 19. Ba6 {[%clk 0:32:51]} Rc5 {[%clk
0:29:01]} 20. b4 {[%clk 0:31:11]} Rxc1 {[%clk 0:23:34]} 21. Rxc1 {[%clk 0:31:08]}
Nc4 {[%clk 0:21:09]} 22. Bxc4 {[%clk 0:30:00]} dxc4 {[%clk 0:21:37]} 23. Rxc4
{[%clk 0:30:01]} Bc8 {[%clk 0:19:16]} 24. Nf3 {[%clk 0:27:34]} Be6 {[%clk
0:16:38]} 25. Rd4 {[%clk 0:27:46]} Qf6 {[%clk 0:16:53]} 26. Kh2 {[%clk 0:27:25]}
Bf5 {[%clk 0:15:13]} 27. h4 {[%clk 0:22:15]} Be4 {[%clk 0:13:15]} 28. Ng5 {[%clk
0:19:20]} h6 {[%clk 0:13:14]} 29. Rd6 {[%clk 0:19:32]} Qe5+ {[%clk 0:07:04]} 30.
f4 {[%clk 0:19:38]} Qf5 {[%clk 0:07:10]} 31. Rd8 {[%clk 0:18:56]} Bc6 {[%clk
0:04:46]} 32. Nf3 {[%clk 0:17:32]} Rxd8 {[%clk 0:03:54]} 33. Qxd8+ {[%clk
0:17:56]} Kg7 {[%clk 0:03:57]} 34. Qd4+ {[%clk 0:17:50]} Qf6 {[%clk 0:02:34]} 35.
Kg1 {[%clk 0:13:13]} Bxf3 {[%clk 0:01:43]} 36. Qxf6+ {[%clk 0:12:37]} Kxf6 {[%clk
0:02:12]} 37. gxf3 {[%clk 0:13:02]} Ke6 {[%clk 0:02:26]} 38. e4 {[%clk 0:13:25]}
Kd6 {[%clk 0:01:39]} 39. h5 {[%clk 0:12:02]} gxh5 {[%clk 0:01:43]} 40. Kg2 {[%clk
0:41:23]} a5 {[%clk 0:31:55]} 41. bxa5 {[%clk 0:41:47]} bxa5 {[%clk 0:32:24]} 42.
Kh3 {[%clk 0:42:01]} a4 {[%clk 0:30:45]} 43. f5 {[%clk 0:38:55]} Ke5 {[%clk
0:28:59]} 44. Kh4 {[%clk 0:39:07]} a3 {[%clk 0:28:49]} 45. Kxh5 {[%clk 0:39:32]}
Kd4 {[%clk 0:28:34]} 46. Kxh6 {[%clk 0:39:58]} Kc3 {[%clk 0:28:50]} 47. e5 {[%clk
0:39:44]} Kb2 {[%clk 0:29:17]} 48. e6 {[%clk 0:40:12]} fxe6 {[%clk 0:29:41]} 49.
fxe6 {[%clk 0:40:31]} Kxa2 {[%clk 0:30:08]} 50. e7 {[%clk 0:40:58]} Kb1 {[%clk
0:30:33]} 51. e8Q {[%clk 0:41:23]} a2 {[%clk 0:31:01]} 52. Qe1+ {[%clk 0:41:42]}
Kb2 {[%clk 0:31:27]} 53. f4 {[%clk 0:42:04]} 1-0

[Event "European Women's Championship"]
[Site "Vysoke Tatry"]
[Date "2018.04.19"]
[Round "11"]
[White "Ghukasyan, Siranush"]
[Black "Ferkova, Dominika"]
[Result "1-0"]
[Board "59"]
[WhiteElo "2195"]
[WhiteTitle "WIM"]
[WhiteCountry "ARM"]
[WhiteFideId "13300946"]
[WhiteEloChange "6"]
[BlackElo "2068"]
[BlackCountry "SVK"]
[BlackFideId "14933071"]
[BlackEloChange "-6"]

1. e4 {[%clk 1:30:58]} c6 {[%clk 1:30:53]} 2. d4 {[%clk 1:31:20]} d5 {[%clk
1:31:18]} 3. Nc3 {[%clk 1:31:48]} dxe4 {[%clk 1:31:40]} 4. Nxe4 {[%clk 1:32:06]}
Bf5 {[%clk 1:32:04]} 5. Ng3 {[%clk 1:32:34]} Bg6 {[%clk 1:32:25]} 6. N1e2 {[%clk
1:33:00]} Nf6 {[%clk 1:31:36]} 7. Nf4 {[%clk 1:32:50]} e5 {[%clk 1:31:44]} 8.
Nxg6 {[%clk 1:32:19]} hxg6 {[%clk 1:32:07]} 9. dxe5 {[%clk 1:32:28]} Qa5+ {[%clk
1:32:31]} 10. Bd2 {[%clk 1:32:52]} Qxe5+ {[%clk 1:32:56]} 11. Qe2 {[%clk
1:33:18]} Nbd7 {[%clk 1:32:57]} 12. Qxe5+ {[%clk 1:28:34]} Nxe5 {[%clk 1:33:20]}
13. Bc3 {[%clk 1:28:52]} Nfd7 {[%clk 1:23:25]} 14. Be2 {[%clk 1:27:11]} f6 {[%clk
1:18:13]} 15. O-O-O {[%clk 1:26:03]} O-O-O {[%clk 1:15:20]} 16. h4 {[%clk
1:21:37]} f5 {[%clk 1:08:03]} 17. f4 {[%clk 1:18:02]} Nf7 {[%clk 1:07:25]} 18. h5
{[%clk 1:18:14]} Bd6 {[%clk 0:55:18]} 19. Rhf1 {[%clk 1:16:57]} g5 {[%clk
0:51:20]} 20. Nxf5 {[%clk 1:15:44]} Bxf4+ {[%clk 0:51:43]} 21. Kb1 {[%clk
1:16:13]} Rhe8 {[%clk 0:46:54]} 22. Bc4 {[%clk 1:15:29]} Nde5 {[%clk 0:45:58]}
23. Bxf7 {[%clk 1:14:37]} Rxd1+ {[%clk 0:42:50]} 24. Rxd1 {[%clk 1:15:06]} Nxf7
{[%clk 0:43:11]} 25. Bxg7 {[%clk 1:14:13]} Re2 {[%clk 0:40:51]} 26. g3 {[%clk
1:13:21]} Be5 {[%clk 0:40:23]} 27. h6 {[%clk 1:13:03]} Rf2 {[%clk 0:39:18]} 28.
Bxe5 {[%clk 1:11:32]} Nxe5 {[%clk 0:39:46]} 29. Nd6+ {[%clk 1:04:16]} Kc7 {[%clk
0:32:43]} 30. h7 {[%clk 1:01:47]} Rh2 {[%clk 0:31:59]} 31. Ne8+ {[%clk 1:02:12]}
Kc8 {[%clk 0:31:24]} 32. Nf6 {[%clk 1:02:18]} Ng6 {[%clk 0:29:58]} 33. Re1 {[%clk
1:00:16]} Rf2 {[%clk 0:25:19]} 34. Ng4 {[%clk 0:57:29]} Rg2 {[%clk 0:20:22]} 35.
Kc1 {[%clk 0:56:51]} Rxg3 {[%clk 0:19:44]} 36. Ne5 {[%clk 0:57:03]} Nh8 {[%clk
0:19:40]} 37. Rf1 {[%clk 0:57:21]} Kc7 {[%clk 0:16:49]} 38. Rf8 {[%clk 0:57:08]}
Rh3 {[%clk 0:15:54]} 39. Rxh8 {[%clk 0:57:30]} 1-0

[Event "European Women's Championship"]
[Site "Vysoke Tatry"]
[Date "2018.04.19"]
[Round "11"]
[White "Berke, Ana"]
[Black "Dwilewicz, Katarzyna"]
[Result "1-0"]
[Board "60"]
[WhiteElo "2173"]
[WhiteTitle "WIM"]
[WhiteCountry "CRO"]
[WhiteFideId "14510359"]
[WhiteEloChange "5"]
[BlackElo "1967"]
[BlackTitle "WFM"]
[BlackCountry "POL"]
[BlackFideId "1148486"]
[BlackEloChange "-5"]

1. e4 {[%clk 1:30:57]} c5 {[%clk 1:30:54]} 2. Nf3 {[%clk 1:31:21]} d6 {[%clk
1:31:19]} 3. d4 {[%clk 1:30:08]} cxd4 {[%clk 1:31:44]} 4. Nxd4 {[%clk 1:30:33]}
Nf6 {[%clk 1:32:06]} 5. f3 {[%clk 1:31:00]} e5 {[%clk 1:32:21]} 6. Nb3 {[%clk
1:31:23]} a5 {[%clk 1:32:43]} 7. a4 {[%clk 1:31:13]} Be7 {[%clk 1:32:50]} 8. c4
{[%clk 1:29:09]} O-O {[%clk 1:30:54]} 9. Be3 {[%clk 1:29:15]} Be6 {[%clk
1:28:47]} 10. Be2 {[%clk 1:29:12]} Nc6 {[%clk 1:18:20]} 11. O-O {[%clk 1:28:25]}
Rc8 {[%clk 1:17:29]} 12. Na3 {[%clk 1:26:41]} Nh5 {[%clk 1:12:50]} 13. g3 {[%clk
1:20:40]} g6 {[%clk 1:05:01]} 14. Nb5 {[%clk 1:11:32]} Nb4 {[%clk 1:02:07]} 15.
Rc1 {[%clk 1:10:39]} Bh3 {[%clk 0:49:44]} 16. Rf2 {[%clk 1:08:55]} Bg5 {[%clk
0:45:59]} 17. Qd2 {[%clk 1:06:56]} Bxe3 {[%clk 0:46:07]} 18. Qxe3 {[%clk
1:07:15]} f5 {[%clk 0:45:59]} 19. f4 {[%clk 1:04:33]} Nf6 {[%clk 0:40:19]} 20.
exf5 {[%clk 1:02:02]} Bxf5 {[%clk 0:39:41]} 21. fxe5 {[%clk 0:56:08]} Re8 {[%clk
0:27:27]} 22. Rxf5 {[%clk 0:51:47]} gxf5 {[%clk 0:27:40]} 23. Qg5+ {[%clk
0:51:36]} Kh8 {[%clk 0:25:42]} 24. Nxd6 {[%clk 0:46:48]} Rc7 {[%clk 0:07:54]} 25.
Nxe8 {[%clk 0:45:36]} Qxe8 {[%clk 0:08:10]} 26. Qxf6+ {[%clk 0:45:34]} Kg8 {[%clk
0:08:37]} 27. Rd1 {[%clk 0:44:13]} Nc6 {[%clk 0:08:14]} 28. e6 {[%clk 0:43:09]}
Re7 {[%clk 0:07:01]} 29. Bf3 {[%clk 0:42:49]} Nd8 {[%clk 0:06:32]} 30. Bd5 {[%clk
0:41:39]} 1-0

[Event "European Women's Championship"]
[Site "Vysoke Tatry"]
[Date "2018.04.19"]
[Round "11"]
[White "Makka, Ioulia"]
[Black "Zhukova, Natalia"]
[Result "1-0"]
[Board "61"]
[WhiteElo "2076"]
[WhiteTitle "WIM"]
[WhiteCountry "GRE"]
[WhiteFideId "4205316"]
[WhiteEloChange "18"]
[BlackElo "2426"]
[BlackTitle "GM"]
[BlackCountry "UKR"]
[BlackFideId "14101513"]
[BlackEloChange "-9"]

1. e4 {[%clk 1:30:57]} e5 {[%clk 1:30:53]} 2. Nf3 {[%clk 1:31:17]} Nc6 {[%clk
1:31:17]} 3. Bb5 {[%clk 1:31:39]} a6 {[%clk 1:31:39]} 4. Ba4 {[%clk 1:32:03]} b5
{[%clk 1:31:55]} 5. Bb3 {[%clk 1:32:24]} g6 {[%clk 1:32:19]} 6. d4 {[%clk
1:29:36]} exd4 {[%clk 1:32:40]} 7. Bg5 {[%clk 1:25:30]} Be7 {[%clk 1:33:02]} 8.
Bxe7 {[%clk 1:24:46]} Ngxe7 {[%clk 1:33:24]} 9. Nxd4 {[%clk 1:22:50]} Na5 {[%clk
1:33:38]} 10. Nf3 {[%clk 1:15:52]} Bb7 {[%clk 1:33:55]} 11. Nc3 {[%clk 1:10:17]}
O-O {[%clk 1:34:00]} 12. O-O {[%clk 1:09:13]} Nxb3 {[%clk 1:33:32]} 13. axb3
{[%clk 1:09:23]} b4 {[%clk 1:33:02]} 14. Nd5 {[%clk 1:09:08]} f5 {[%clk 1:33:17]}
15. Nxe7+ {[%clk 1:03:36]} Qxe7 {[%clk 1:33:29]} 16. exf5 {[%clk 1:03:04]} Rxf5
{[%clk 1:33:26]} 17. Ne1 {[%clk 0:59:23]} Raf8 {[%clk 1:28:59]} 18. Qd3 {[%clk
0:56:40]} Bc6 {[%clk 0:51:37]} 19. Qc4+ {[%clk 0:51:49]} R8f7 {[%clk 0:50:32]}
20. Nd3 {[%clk 0:49:33]} Qg5 {[%clk 0:43:21]} 21. g3 {[%clk 0:46:06]} Bf3 {[%clk
0:38:33]} 22. Rfe1 {[%clk 0:42:04]} c5 {[%clk 0:31:37]} 23. Re8+ {[%clk 0:39:48]}
Kg7 {[%clk 0:32:01]} 24. Rae1 {[%clk 0:38:28]} d6 {[%clk 0:26:57]} 25. h4 {[%clk
0:14:49]} Qd2 {[%clk 0:11:44]} 26. R8e7 {[%clk 0:04:56]} Bd5 {[%clk 0:11:56]} 27.
Rxf7+ {[%clk 0:04:16]} Bxf7 {[%clk 0:12:17]} 28. Re7 {[%clk 0:02:25]} Kf8 {[%clk
0:02:43]} 29. Qe4 {[%clk 0:01:42]} Qxc2 {[%clk 0:00:34]} 30. Rd7 {[%clk 0:01:20]}
Kg7 {[%clk 0:00:59]} 31. Rxd6 {[%clk 0:00:40]} Qd1+ {[%clk 0:01:03]} 32. Kg2
{[%clk 0:00:43]} Qxb3 {[%clk 0:01:21]} 33. Rd7 {[%clk 0:00:42]} Rf6 {[%clk
0:00:33]} 34. Nxc5 {[%clk 0:00:39]} Qa2 {[%clk 0:00:33]} 1-0

[Event "European Women's Championship"]
[Site "Vysoke Tatry"]
[Date "2018.04.19"]
[Round "11"]
[White "Paramzina, Anastasya"]
[Black "Kejzar, Petra"]
[Result "1-0"]
[Board "62"]
[WhiteElo "2271"]
[WhiteTitle "WGM"]
[WhiteCountry "RUS"]
[WhiteFideId "4165012"]
[WhiteEloChange "5"]
[BlackElo "2071"]
[BlackCountry "SLO"]
[BlackFideId "14610213"]
[BlackEloChange "-5"]

1. e4 {[%clk 1:29:39]} c5 {[%clk 1:30:56]} 2. Nf3 {[%clk 1:29:58]} e6 {[%clk
1:31:19]} 3. b3 {[%clk 1:30:21]} b6 {[%clk 1:31:16]} 4. Bd3 {[%clk 1:30:19]} Bb7
{[%clk 1:31:11]} 5. O-O {[%clk 1:30:36]} Nf6 {[%clk 1:27:44]} 6. Re1 {[%clk
1:30:43]} d5 {[%clk 1:23:05]} 7. e5 {[%clk 1:30:05]} Nfd7 {[%clk 1:21:44]} 8. c3
{[%clk 1:29:56]} Qc7 {[%clk 1:20:07]} 9. Na3 {[%clk 1:28:02]} a6 {[%clk 1:20:04]}
10. Bb1 {[%clk 1:19:58]} Nc6 {[%clk 1:14:42]} 11. d4 {[%clk 1:19:36]} h6 {[%clk
1:11:43]} 12. h4 {[%clk 1:12:32]} cxd4 {[%clk 1:08:44]} 13. cxd4 {[%clk 1:12:26]}
O-O-O {[%clk 1:02:14]} 14. Nc2 {[%clk 1:11:46]} Kb8 {[%clk 1:02:13]} 15. Bd2
{[%clk 1:11:18]} Be7 {[%clk 1:01:14]} 16. a4 {[%clk 1:08:03]} g5 {[%clk 0:56:35]}
17. h5 {[%clk 1:07:57]} Bc8 {[%clk 0:50:08]} 18. b4 {[%clk 1:07:38]} Na7 {[%clk
0:48:36]} 19. Re3 {[%clk 1:06:46]} Rdf8 {[%clk 0:46:26]} 20. Nce1 {[%clk
1:03:06]} f5 {[%clk 0:40:06]} 21. exf6 {[%clk 0:57:36]} Rxf6 {[%clk 0:40:19]} 22.
Nd3 {[%clk 0:55:10]} Rhf8 {[%clk 0:35:28]} 23. Ba2 {[%clk 0:52:16]} g4 {[%clk
0:28:35]} 24. Nh2 {[%clk 0:51:52]} g3 {[%clk 0:25:38]} 25. Rxg3 {[%clk 0:51:02]}
Bd6 {[%clk 0:26:03]} 26. f4 {[%clk 0:49:33]} Nc6 {[%clk 0:22:53]} 27. Nf3 {[%clk
0:48:50]} Ne7 {[%clk 0:22:50]} 28. Rc1 {[%clk 0:48:38]} Qb7 {[%clk 0:23:00]} 29.
Nde5 {[%clk 0:47:50]} Nf5 {[%clk 0:22:57]} 30. Rg6 {[%clk 0:47:11]} Bxe5 {[%clk
0:22:35]} 31. dxe5 {[%clk 0:35:30]} Rxg6 {[%clk 0:22:51]} 32. hxg6 {[%clk
0:35:56]} Rg8 {[%clk 0:21:55]} 33. Bb1 {[%clk 0:35:17]} Ne7 {[%clk 0:19:48]} 34.
Nh4 {[%clk 0:33:29]} Nf8 {[%clk 0:19:39]} 35. Qh5 {[%clk 0:33:28]} Nfxg6 {[%clk
0:18:47]} 36. Nxg6 {[%clk 0:31:04]} Nxg6 {[%clk 0:19:11]} 37. Bxg6 {[%clk
0:30:05]} Qg7 {[%clk 0:19:30]} 38. f5 {[%clk 0:30:31]} exf5 {[%clk 0:19:38]} 39.
Rc6 {[%clk 0:30:20]} Qxe5 {[%clk 0:17:23]} 40. Qh2 {[%clk 1:00:07]} Qxh2+ {[%clk
0:47:22]} 41. Kxh2 {[%clk 1:00:31]} Kb7 {[%clk 0:41:54]} 42. Rd6 {[%clk 0:59:15]}
d4 {[%clk 0:41:46]} 43. Bf7 {[%clk 0:58:36]} Rg4 {[%clk 0:41:25]} 44. Bd5+ {[%clk
0:59:00]} Kc7 {[%clk 0:39:15]} 45. Rc6+ {[%clk 0:59:18]} Kd8 {[%clk 0:38:21]} 46.
Rxb6 {[%clk 0:56:00]} d3 {[%clk 0:38:27]} 47. Rxh6 {[%clk 0:56:07]} a5 {[%clk
0:38:09]} 48. b5 {[%clk 0:55:52]} Rxa4 {[%clk 0:38:15]} 49. b6 {[%clk 0:54:23]}
Bd7 {[%clk 0:37:41]} 50. Bg5+ {[%clk 0:54:22]} 1-0

[Event "European Women's Championship"]
[Site "Vysoke Tatry"]
[Date "2018.04.19"]
[Round "11"]
[White "Okuyaz, Duru"]
[Black "Palma, Maria"]
[Result "1-0"]
[Board "63"]
[WhiteElo "2122"]
[WhiteTitle "WFM"]
[WhiteCountry "TUR"]
[WhiteFideId "6346022"]
[WhiteEloChange "8"]
[BlackElo "2060"]
[BlackTitle "WFM"]
[BlackCountry "ITA"]
[BlackFideId "898481"]
[BlackEloChange "-8"]

1. e4 {[%clk 1:30:57]} e6 {[%clk 1:30:46]} 2. d4 {[%clk 1:31:21]} d5 {[%clk
1:31:11]} 3. Nc3 {[%clk 1:31:46]} Nf6 {[%clk 1:31:36]} 4. Bg5 {[%clk 1:32:10]}
Be7 {[%clk 1:32:01]} 5. e5 {[%clk 1:32:29]} Nfd7 {[%clk 1:32:25]} 6. Bxe7 {[%clk
1:32:51]} Qxe7 {[%clk 1:32:48]} 7. f4 {[%clk 1:33:09]} O-O {[%clk 1:32:02]} 8.
Nf3 {[%clk 1:33:25]} a6 {[%clk 1:32:14]} 9. Bd3 {[%clk 1:31:20]} f6 {[%clk
1:27:50]} 10. exf6 {[%clk 1:23:23]} Nxf6 {[%clk 1:25:31]} 11. Qd2 {[%clk
1:05:11]} c5 {[%clk 1:24:39]} 12. dxc5 {[%clk 1:05:26]} Qxc5 {[%clk 1:24:30]} 13.
O-O-O {[%clk 1:04:29]} b5 {[%clk 1:20:55]} 14. Ne5 {[%clk 1:02:48]} Nc6 {[%clk
1:15:46]} 15. Nxc6 {[%clk 0:56:13]} Qxc6 {[%clk 1:16:06]} 16. Rde1 {[%clk
0:53:59]} Bd7 {[%clk 1:11:00]} 17. Ne2 {[%clk 0:52:29]} Qd6 {[%clk 1:09:23]} 18.
Nd4 {[%clk 0:52:10]} b4 {[%clk 1:08:03]} 19. Rhg1 {[%clk 0:47:44]} a5 {[%clk
1:01:56]} 20. g4 {[%clk 0:43:30]} a4 {[%clk 0:58:33]} 21. Kb1 {[%clk 0:42:07]}
Rae8 {[%clk 0:46:30]} 22. Re5 {[%clk 0:40:07]} Ne4 {[%clk 0:38:23]} 23. Bxe4
{[%clk 0:37:18]} dxe4 {[%clk 0:38:31]} 24. Qe3 {[%clk 0:37:36]} a3 {[%clk
0:20:10]} 25. b3 {[%clk 0:37:38]} Bc6 {[%clk 0:19:34]} 26. Nxc6 {[%clk 0:33:35]}
Qxc6 {[%clk 0:19:55]} 27. Rxe4 {[%clk 0:33:51]} Rc8 {[%clk 0:12:16]} 28. Rc4
{[%clk 0:27:19]} Qd5 {[%clk 0:11:35]} 29. Rxb4 {[%clk 0:25:11]} Rfd8 {[%clk
0:11:43]} 30. Ra4 {[%clk 0:23:13]} Rc3 {[%clk 0:09:19]} 31. Qc1 {[%clk 0:19:46]}
Qf3 {[%clk 0:05:19]} 32. Rxa3 {[%clk 0:15:18]} Qf2 {[%clk 0:01:15]} 33. Rd1
{[%clk 0:12:36]} Rdc8 {[%clk 0:01:18]} 34. Rd2 {[%clk 0:12:37]} Qc5 {[%clk
0:01:27]} 35. Ra6 {[%clk 0:11:51]} g5 {[%clk 0:01:02]} 36. Rxe6 {[%clk 0:08:47]}
gxf4 {[%clk 0:01:19]} 37. Qd1 {[%clk 0:05:02]} Qa5 {[%clk 0:01:05]} 38. Qe1
{[%clk 0:03:43]} Qb5 {[%clk 0:01:21]} 39. Re5 {[%clk 0:03:39]} R3c5 {[%clk
0:00:57]} 40. Re7 {[%clk 0:33:10]} R5c6 {[%clk 0:30:47]} 41. Re8+ {[%clk
0:32:13]} Kf7 {[%clk 0:26:27]} 42. Rd7+ {[%clk 0:31:51]} 1-0

[Event "European Women's Championship"]
[Site "Vysoke Tatry"]
[Date "2018.04.19"]
[Round "11"]
[White "Koubova, Anna Marie"]
[Black "Hapala, Elisabeth"]
[Result "0-1"]
[Board "65"]
[WhiteElo "1819"]
[WhiteCountry "CZE"]
[WhiteFideId "381470"]
[WhiteEloChange "-3"]
[BlackElo "2091"]
[BlackTitle "WFM"]
[BlackCountry "AUT"]
[BlackFideId "1622080"]
[BlackEloChange "3"]

1. d4 {[%clk 1:30:57]} d5 {[%clk 1:30:56]} 2. c4 {[%clk 1:31:22]} c6 {[%clk
1:31:24]} 3. cxd5 {[%clk 1:31:44]} cxd5 {[%clk 1:31:50]} 4. Nf3 {[%clk 1:32:03]}
Nf6 {[%clk 1:32:06]} 5. Nc3 {[%clk 1:32:25]} Nc6 {[%clk 1:32:32]} 6. Bf4 {[%clk
1:32:49]} Qb6 {[%clk 1:32:27]} 7. e3 {[%clk 1:14:29]} Qxb2 {[%clk 1:30:42]} 8.
Nb5 {[%clk 1:14:22]} e5 {[%clk 1:29:50]} 9. a3 {[%clk 1:00:11]} Nb4 {[%clk
1:13:24]} 10. Rb1 {[%clk 0:58:00]} Nc2+ {[%clk 1:13:14]} 11. Kd2 {[%clk 0:57:56]}
Ne4+ {[%clk 1:12:12]} 12. Kd3 {[%clk 0:54:28]} Nb4+ {[%clk 1:07:47]} 0-1

[Event "European Women's Championship"]
[Site "Vysoke Tatry"]
[Date "2018.04.19"]
[Round "11"]
[White "Kaliadzich, Maryia"]
[Black "Richterova, Natasa"]
[Result "0-1"]
[Board "66"]
[WhiteElo "2078"]
[WhiteCountry "BLR"]
[WhiteFideId "13500015"]
[WhiteEloChange "-7"]
[BlackElo "2181"]
[BlackTitle "WIM"]
[BlackCountry "CZE"]
[BlackFideId "350591"]
[BlackEloChange "7"]

1. d4 {[%clk 1:30:56]} d5 {[%clk 1:30:51]} 2. Nf3 {[%clk 1:31:19]} Nf6 {[%clk
1:31:08]} 3. c4 {[%clk 1:31:35]} c6 {[%clk 1:31:06]} 4. e3 {[%clk 1:31:57]} Bf5
{[%clk 1:29:46]} 5. Nc3 {[%clk 1:32:18]} e6 {[%clk 1:29:58]} 6. Nh4 {[%clk
1:25:06]} Bg4 {[%clk 1:24:44]} 7. Qb3 {[%clk 1:23:46]} Qc7 {[%clk 1:21:20]} 8. h3
{[%clk 1:21:22]} Bh5 {[%clk 1:21:33]} 9. g4 {[%clk 1:21:20]} Bg6 {[%clk 1:17:11]}
10. Nxg6 {[%clk 1:17:41]} hxg6 {[%clk 1:17:39]} 11. Bg2 {[%clk 1:17:31]} Nbd7
{[%clk 1:17:20]} 12. Bd2 {[%clk 1:15:01]} Nb6 {[%clk 1:08:57]} 13. cxd5 {[%clk
0:55:55]} exd5 {[%clk 1:09:07]} 14. Qc2 {[%clk 0:53:38]} Rc8 {[%clk 0:59:57]} 15.
g5 {[%clk 0:45:43]} Nh7 {[%clk 0:57:06]} 16. e4 {[%clk 0:44:42]} Be7 {[%clk
0:55:28]} 17. h4 {[%clk 0:42:06]} dxe4 {[%clk 0:53:56]} 18. Bxe4 {[%clk 0:39:51]}
Nc4 {[%clk 0:52:20]} 19. O-O-O {[%clk 0:38:04]} Nxd2 {[%clk 0:51:08]} 20. Qxd2
{[%clk 0:37:29]} Nf8 {[%clk 0:50:06]} 21. Kb1 {[%clk 0:35:49]} b5 {[%clk
0:30:56]} 22. Rc1 {[%clk 0:23:22]} Qd7 {[%clk 0:29:19]} 23. Qc2 {[%clk 0:21:33]}
Ne6 {[%clk 0:24:37]} 24. Nxb5 {[%clk 0:21:30]} O-O {[%clk 0:24:08]} 25. Bxc6
{[%clk 0:21:50]} Qd8 {[%clk 0:23:08]} 26. d5 {[%clk 0:19:38]} Nc7 {[%clk
0:21:19]} 27. Bb7 {[%clk 0:18:31]} Nxb5 {[%clk 0:19:38]} 28. Qxc8 {[%clk
0:18:53]} Qb6 {[%clk 0:19:32]} 29. Qc6 {[%clk 0:18:17]} Qa5 {[%clk 0:18:08]} 30.
Ba6 {[%clk 0:14:25]} Nd4 {[%clk 0:15:23]} 31. Qb7 {[%clk 0:13:49]} Bd6 {[%clk
0:12:41]} 32. h5 {[%clk 0:11:36]} gxh5 {[%clk 0:10:50]} 33. Rxh5 {[%clk 0:10:19]}
g6 {[%clk 0:10:43]} 34. Rh3 {[%clk 0:06:48]} Bf4 {[%clk 0:09:24]} 35. Rch1 {[%clk
0:06:55]} Bxg5 {[%clk 0:06:14]} 36. Rh8+ {[%clk 0:07:03]} Kg7 {[%clk 0:06:43]}
37. R8h7+ {[%clk 0:06:41]} Kf6 {[%clk 0:05:24]} 38. d6 {[%clk 0:06:13]} Qf5+
{[%clk 0:05:39]} 39. Ka1 {[%clk 0:06:09]} Nc2+ {[%clk 0:06:03]} 40. Kb1 {[%clk
0:36:35]} Na3+ {[%clk 0:36:22]} 41. Ka1 {[%clk 0:36:30]} Qb1+ {[%clk 0:36:44]}
0-1